000 00698nam a2200217 u 4500
005 20220622063715.0
008 121120s2009 mx r 000 0 spa d
020 _a9786074712445
035 _aUPN01000188736
049 _aI
050 4 _aPZ74.7
_bR6.66
100 1 _aRoss, Tony
_932982
245 1 0 _a¡No me quiero ir a la cama! /
_cTony Ross ; tr. de Carmen Díaz-Villarejo.
260 _aMéxico :
_bSM,
_c2009.
300 _a26 p. :
_bprincipalmente il. col.
440 3 _aEl barco de vapor.
_pLos piratas ;
_v14
534 _pTítulo original :
_tI don't wan't to go to bed!
650 4 _aCUENTOS HUMORISTICOS
_911283
650 0 _aLiteratura infantil inglesa
_911046
905 _aInfantil
999 _c160839
_d160839